00547nam a2200169Ia 4500008004100000041000800041082001600049100001900065245005100084260005300135300002000188563000700208650001100215906002600226999001900252952010600271210707s1984 xx 000 0 und d aeng a582.13 COVW aCOVENTRY (B O) aWild flowers of Kashmir. Series I, II and III. aDehra DunbBishen Singh Mahendra Pal Singhc1984 axvii,100,xxvi p aHB aBotany aWild Flowers, Kashmir c180420d180420 001040708BiologyaALbALd2001-04-09l0o582.13 COVWpBB04436r2021-07-08 00:00:00w2021-07-08yBB